000 00767nac a22002051u 4500
010 _a 95017483
020 _a0849394317 (acid-free paper)
082 0 0 _a617.122
_bGED
090 _c6052
_d6052
100 _aGeddes, Leslie A.[ed.]
245 0 0 _aHandbook of electrical hazards and accidents /
_cedited by Leslie A. Geddes.
260 _aBoca Raton, FL :
_bCRC Press,c1995.
_cc1995.
300 _aiv, 204 p. :
_bill. ;
_c25 cm.
500 _aDistributer: Al-Ahram.
504 _aIncludes bibliographical references and index.
511 _aCatalogued By: Mahitab.
650 0 _aElectrical injuries.
856 4 2 _3Publisher description
_uhttp://www.loc.gov/catdir/enhancements/fy0744/95017483-d.html
942 _cBB
_k617.122GED
999 _c6052
_d6052